00806nam a2200229Ia 4500008004100000020001500041050000800056050001400064245003300078245004000111260001700151260007400168300002400242300001100266650005100277650002300328650002800351650004600379650001700425999001900442952011500461170203s9999 xx 000 0 und d a9718781994 a413 bUp65 2001 aUP diksiyonaryong Filipino / cVirgilio S. Almario, punong editor. aPasig City : bSentro ng Wikang Filipino : Inilathala at ipinamamahagi ng Anvil Pub. axviii, 961 pages ;  c29 cm. aFilipino language -- Dictionaries -- Polyglot. aFilipino language. aLanguage and languages. aPhilippines -- Languages -- Dictionaries. aPhilippines. c305847d305847 001040aSSISBbSSISBc REFd2017-02-03l0oRef. 413 .Up65 2001pUS- 0730r2017-02-03 00:00:00w2017-02-03yBK